000
00247nam a22001217a 4500
999
_c
5822
_d
5822
082
_a
621.35
100
_a
Floyed
245
_a
Principles of Electronic Circuits
250
_a
6th
260
_a
India
_b
Pearson
_c
2001
300
_a
745
942
_c
BK